[Event "Obera op"]
[Site "Obera"]
[Date "2023.02.03"]
[Round "2"]
[White "Cantero, Carlos Ramon"]
[Black "Silva, Juan Carlos"]
[Result "1-0"]
[WhiteElo "1930"]
[BlackElo "1418"]
[PlyCount "59"]
[EventDate "2023.02.03"]
[EventType "swiss"]
[EventRounds "6"]
[EventCountry "ARG"]
[SourceTitle "CBM 212 Extra"]
[Source "ChessBase"]
[SourceDate "2023.03.31"]
[SourceVersion "1"]
[SourceVersionDate "2023.03.31"]
[SourceQuality "1"]

1. d4 g6 2. e4 Bg7 3. g3 d5 4. e5 c5 5. c3 Nc6 6. Bg2 e6 7. Nf3 Nge7 8. 0-0 0-0 9. Re1 cxd4 10. cxd4 Nf5 11. Na3 Qb6 12. Nc2 Bd7 13. g4 Nfe7 14. Re3 Na5 15. b3 Nac6 16. Nfe1 f6 17. exf6 Bxf6 18. Nf3 Rf7 19. Bb2 Raf8 20. Qe2 Nd8 21. a4 Nec6 22. Rf1 Na5 23. Ba3 Re8 24. Qd3 Nac6 25. Rfe1 a5 26. h4 Be7 27. Bxe7 Nxe7 28. Ne5 Nec6 29. Nxf7 Nxf7 30. Bxd5 1-0

[Event "San Antonio de Obligado op"]
[Site "San Antonio de Obligado"]
[Date "2022.10.10"]
[Round "6"]
[White "De Paula, Marcelo Emanuel"]
[Black "Silva, Juan Carlos"]
[Result "0-1"]
[WhiteElo "1531"]
[BlackElo "1431"]
[PlyCount "111"]
[EventDate "2022.10.08"]
[EventType "swiss"]
[EventRounds "6"]
[EventCountry "ARG"]
[SourceTitle "CBM 210 Extra"]
[Source "ChessBase"]
[SourceDate "2022.11.30"]
[SourceVersion "1"]
[SourceVersionDate "2022.11.30"]
[SourceQuality "1"]

1. d4 d5 2. Nf3 e6 3. Bf4 c5 4. dxc5 Bxc5 5. e3 Qb6 6. Qc1 Nc6 7. c3 a5 8. a4 Nge7 9. Nbd2 0-0 10. Bd3 Ng6 11. Bg3 e5 12. Bc2 e4 13. Nd4 Nxd4 14. exd4 Bd6 15. Bxd6 Qxd6 16. 0-0 Nf4 17. Re1 Qg6 18. g3 Nh3+ 19. Kg2 Nf4+ 20. Kh1 Nd3 21. Bxd3 exd3 22. Re3 Ra6 23. Nf3 Bh3 24. Qe1 Re6 25. Ne5 Qf5 26. f3 Rfe8 27. Qf2 f6 28. g4 Qf4 29. Rg1 fxe5 30. Rg3 exd4 31. Rxd3 Re1+ 32. Rg1 Rxg1+ 33. Qxg1 Re3 34. Rxe3 Qxe3 35. Qg3 Qc1+ 36. Qg1 Qxg1+ 37. Kxg1 dxc3 38. bxc3 Kf7 39. Kf2 Ke6 40. Ke2 g5 41. Ke1 Ke5 42. Ke2 Kf4 43. Kf2 Bf1 44. Kxf1 Kxf3 45. Kg1 Ke3 46. Kg2 Kd3 47. Kf3 Kxc3 48. h4 h6 49. h5 d4 50. Ke4 d3 51. Kf5 d2 52. Kg6 d1Q 53. Kxh6 Qxg4 54. Kg6 Qh4 55. h6 Qxh6+ 56. Kxh6 0-1